01486nam a22002777a 45000010005000000030006000050050017000110080041000280200018000690400029000870500009001160820010001251000030001352450043001652600031002083000047002394900044002865050008003305200609003385210028009475210018009756500044009939420015010379990015010529520141010677016FISKH20250617144331.0250617b cb ||||| |||| 00| 0 eng d a9788956353968 aFISKHbengcFISKHdFISKH aPZ7  a398.2 aAndersen, Hans Christian  aThe garden of paradise /cHC Andersen  aSeoul : bE-Future, c2009 a24 pages : bcolor illustrations ; c21 cm aMy first classic readers : vLevel 3-10 aG  aA curious young prince, despite owning the finest books, yearns to find the legendary Garden of Paradise. One stormy night, he stumbles into a cavern where the Mother of the Winds and her four wind-children gather. They recount their travels across deserts, seas, and distant lands, guiding him on a journey toward the mythical garden. At last, the East Wind carries him into a radiant paradise, where he must resist the temptation of the Tree of Knowledge. Gide to temptation, he awakens back in the cavern—reflecting on the moral that innocence and wisdom are intertwined with restraint and mortality8 a380 bLexile estimate 8 aG bRaz-Plus  aFairy Tale vFantasy xMorality Tale 2ddccBKn0 c7016d7016 00102ddc40708JUVFa001b001cTK Blued2025-06-17l1oAND 398.2 PZ7 pFISBK072657r2025-10-16 08:15:54s2025-10-09t1w2025-06-17yBK